000
00289pab a2200109 454500
008
180718b xxu||||| |||| 00| 0 eng d
100
_a
Rivlin, Alice M
245
_a
A new vision of American federalism
650
_a
Federalism - U.S.A
773
_a
Public Administration Review
909
_a
22167
999
_c
22167
_d
22167